| 000 | 01214pam a2200337 a 4500 | ||
|---|---|---|---|
| 999 |
_c528089 _d528089 |
||
| 001 | 3524779 | ||
| 003 | NUST | ||
| 005 | 20190828055630.0 | ||
| 008 | 960502s1996 njuab b 001 0 eng | ||
| 010 | _a 96023126 | ||
| 020 | _a1856494616 (hb.) | ||
| 020 | _a1856494624 (pbk.) | ||
| 038 | _aM.Ramzan | ||
| 040 |
_aDLC _cDLC _dDLC |
||
| 043 | _af------ | ||
| 050 | 0 | 0 |
_aHE282.A2 _bB34 1996 |
| 082 | 0 | 0 |
_a333.79688096 _bBAG |
| 100 | 1 |
_aBaguant, J. _919638 |
|
| 245 | 1 | 0 |
_aTransport energy in Africa / _c[J. Baguant, M. Teferra] ; edited and introduced by M.R. Bhagavan. |
| 260 |
_aLondon ; _aAtlantic Highlands, NJ : _bZed Books, _c1996. |
||
| 300 |
_ax, 134 p. : _bill., maps ; _c23 cm. |
||
| 504 | _aIncludes bibliographical references and index. | ||
| 650 | 0 |
_aTransportation _xEnergy consumption _zAfrica. _919639 |
|
| 650 | 0 |
_aTransportation _xEnergy conservation _zAfrica. _919640 |
|
| 700 | 1 |
_aTeferra, M. _919641 |
|
| 700 | 1 |
_aBhagavan, M. R., _d1934- _919642 |
|
| 710 | 1 |
_aAfrican Energy Policy Research Network. _919643 |
|
| 906 |
_a7 _bcbu _corignew _d1 _eocip _f19 _gy-gencatlg |
||
| 942 |
_2ddc _cBK |
||